[Event "11th Asrian Memorial 2018"]
[Site "Jermuk"]
[Date "2018.06.23"]
[Round "3"]
[White "Andriasian, Zaven"]
[Black "Pogonina, Natalija"]
[Result "1-0"]
[WhiteElo "2586"]
[BlackElo "2469"]
[Annotator "TA"]
[PlyCount "146"]
[EventDate "2018.06.21"]
[EventCountry "ARM"]
[SourceTitle "playchess.com"]
[Source "ChessBase"]
[SourceQuality "1"]

{[%evp 20,146,6,-18,1,6,24,25,32,0,37,46,58,41,16,11,15,2,14,14,17,14,15,8,21,15,10,18,20,16,20,16,14,10,23,10,21,16,8,8,10,10,12,0,0,5,33,33,33,33,33,33,33,33,33,33,33,33,35,39,36,36,54,18,18,11,44,42,52,37,124,109,124,124,124,124,273,273,270,262,262,187,187,187,164,149,157,145,124,124,264,258,245,237,236,142,185,109,110,0,124,0,219,188,200,201,325,337,316,310,416,407,482,468,568,556,876,902,840,896,1090,1051,2850,2906,2524,2347,12836,12834,29986]} 1. e4 e5 2. Nf3 Nc6 3. Bc4 Bc5 4. d3 Nf6 5. O-O d6 6. c3 a6 7. Bb3 h6 8. Nbd2 O-O 9. h3 Be6 10. Re1 Bxb3 {C54: Giuoco Piano: 4 c3 Nf6, main lines with 5 d4 and 5 d3} (10... Re8 11. Nf1 d5 12. Qe2 Qd7 13. N3h2 dxe4 14. dxe4 Bxb3 15. axb3 a5 16. Qf3 Qe6 17. Ng3 Rad8 18. Nf5 {1-0 (54) Mamedov,R (2709)-Quesada Perez,Y (2627) chess.com INT 2018}) 11. axb3 {LiveBook: 3 Games} Ba7 12. Nh4 Qd7 {The position is equal.} 13. Nf1 Kh7 14. Ng3 $146 ({Predecessor:} 14. Qf3 Ng8 15. Ne3 Qe6 16. Qg3 Nce7 17. b4 c6 {½-½ (52) Czajkowski,A (2073)-Eichstaedt,M (1997) Podgorica 2015}) 14... g6 15. Nf3 d5 16. Qd2 Ng8 $1 17. b4 Rad8 18. Qe2 dxe4 (18... Bb6 {seems wilder.} 19. Qc2 Kg7 20. Bd2 dxe4 21. dxe4 Qe6) 19. dxe4 Qd3 20. Qxd3 Rxd3 21. Nf1 {[%cal Bg3f1,Bf1d2,Bd2c4][%mdl 32]} Kg7 22. N1d2 f6 23. Nc4 Nge7 24. Kf1 h5 25. Ke2 Rd7 26. Rh1 Rh8 27. Bd2 Kf7 28. Be3 Bxe3 29. Nxe3 Nd8 30. Nc4 Nec6 31. g3 Ne6 32. Rhd1 Rhd8 33. Rxd7+ Rxd7 34. h4 Rd8 35. Nfd2 Ke7 36. Ne3 Kf7 37. Nb3 Rd7 38. Nc4 Ke7 39. Ke3 Kf7 40. Rf1 Ne7 41. f4 exf4+ 42. gxf4 b5 43. Ncd2 f5 44. Nf3 $1 $36 {[%cal Rf3e5][%mdl 2048] Strongly threatening Ne5+. White has the initiative.} Kf6 (44... Rd8 $14) 45. Nfd4 $1 $16 Nxd4 46. e5+ ({Of course not} 46. Nxd4 $6 fxe4 47. Kxe4 Rd6 $11) 46... Kf7 47. Nxd4 {[%mdl 4096] Endgame KRN-KRN} Ke8 (47... Rd8 $16) 48. Kf3 $18 c6 49. Ra1 Ra7 50. Ne6 Nd5 51. Nc5 $1 Nc7 52. Rg1 Kf7 53. Nb3 Nd5 54. Rd1 Rc7 {[#]} (54... Ke8 $16 {was worth a try.} 55. Rh1 Ra8) 55. Ra1 $1 Ra7 56. Nd4 Ne7 57. Ke2 Ke8 58. Nb3 ({White should play} 58. Kd3 $18) 58... Nd5 $16 59. Kf3 Kf7 60. Nd4 (60. Ra5 $16) 60... Ne7 $18 {[#]} 61. b3 $1 {[%cal Bb2b3,Bb3c4][%mdl 32]} Ra8 {If Black can now play ...Nd5 this consolidates a bit.} 62. c4 bxc4 (62... Rb8 $142) 63. bxc4 Rb8 64. Ra4 ({Less strong is} 64. Rxa6 Rxb4 65. Nxc6 Rxc4 $16) 64... Ke8 65. Ke3 Ra8 66. Ne6 {Threatens to win with Nc7+.White is clearly winning.} Rb8 67. Kd4 Nc8 68. Kc5 Kd7 69. Nd4 Rb6 70. Ra1 Kc7 71. Rg1 Ne7 72. Ne6+ Kb7 73. Rd1 Nc8 {Precision: White = 77%, Black = 37%.} 1-0

[Event "11th Asrian Memorial 2018"]
[Site "Jermuk"]
[Date "2018.06.23"]
[Round "3"]
[White "Martirosyan, Haik M."]
[Black "Kacharava, Nikolozi"]
[Result "1-0"]
[WhiteElo "2572"]
[BlackElo "2390"]
[Annotator "TA"]
[PlyCount "112"]
[EventDate "2018.06.21"]
[EventCountry "ARM"]
[SourceTitle "playchess.com"]
[Source "ChessBase"]
[SourceQuality "1"]

{[%evp 17,112,31,39,40,31,28,44,31,35,23,36,31,42,0,6,-14,-20,-10,0,0,12,10,8,10,20,15,26,15,111,42,42,38,44,45,30,19,62,54,51,37,67,63,66,68,71,58,72,52,36,6,84,88,115,78,148,136,122,91,110,113,101,100,103,106,116,66,66,66,66,66,66,66,66,70,70,66,66,66,66,66,66,66,70,70,29954,29958,29978,29979,29979,29980,29980,29981,29981,29982,29988,29989,29989]} 1. e4 d6 2. d4 Nf6 3. Nc3 e5 4. Nf3 Nbd7 5. Bc4 Be7 6. O-O O-O 7. Re1 exd4 {C41: Philidor Defence} (7... c6 8. a4 a5 9. h3 Re8 10. Ba2 Bf8 11. Be3 Qc7 12. Ng5 Re7 13. f4 b6 14. fxe5 dxe5 15. d5 cxd5 16. exd5 {1-0 (16) Wang,H (2709)-Ivanchuk,V (2726) Huaian 2017}) 8. Nxd4 Nb6 9. Bf1 d5 {LiveBook: 3 Games. White is slightly better.} 10. e5 Ne8 11. Nce2 $146 {[%cal Bc3e2,Be2f4,Bf4d3][%mdl 32]} ({Predecessor:} 11. f4 g6 12. Nce2 Ng7 13. Ng3 c5 14. Nf3 Be6 15. c3 {½-½ (56) Nogerbek,K (2358)-Kacharava,N (2158) Montevideo 2017}) 11... g6 12. a4 a5 13. b3 Ng7 14. Nf4 c6 15. Nd3 Nd7 16. Ba3 Bxa3 17. Rxa3 Qe7 (17... Re8 {keeps more tension.} 18. Ra1 Nf8 19. Qd2 Nfe6 20. Nf3 Qb6) 18. Ra1 Nc5 19. Nxc5 Qxc5 20. Qd2 Bg4 21. c3 Qe7 22. b4 f6 (22... Bd7 $11) 23. Qf4 (23. exf6 $16 Qxf6 24. bxa5) 23... Bd7 $14 24. exf6 Qxf6 25. Qxf6 Rxf6 26. Nb3 b6 27. bxa5 bxa5 28. c4 Ne6 29. Red1 Rf5 30. g3 Rb8 31. Rab1 d4 32. Bh3 Ng5 33. Bg2 c5 {[#]} (33... Nf3+ $11 {keeps the balance.} 34. Bxf3 Rxf3 35. Nxd4 Rxb1 36. Rxb1 Rc3) 34. f4 $1 $16 {[%cal Rf4g5]} Bxa4 35. Nxa5 Rxb1 (35... Rb4 $142) 36. Rxb1 Nf7 37. Be4 Rf6 38. Nb7 Bc6 39. Nxc5 {Rb6 is the strong threat.} Bxe4 40. Nxe4 {[%mdl 4096] Endgame KRN-KRN} Re6 41. Nc5 Rc6 42. Nd3 {Strongly threatening Rb8+.} Rxc4 43. Rb8+ Kg7 44. Rb7 Rc8 $1 45. Ne5 Rf8 $1 46. Kf2 Kg8 {aiming for ...Nxe5.} 47. Nxf7 Rxf7 48. Rxf7 Kxf7 $14 {K3P-K3P} 49. Kf3 $1 {[%cal Rf3e4]} Kf6 50. Ke4 {Threatens to win with g4.} h5 $2 {[%mdl 8192] [#]} (50... d3 $14 51. Kxd3 Kf5) 51. h3 $1 {White mates.} g5 52. h4 gxh4 53. gxh4 Ke6 54. Kxd4 Kf5 55. Ke3 Kg4 56. Ke4 Kxh4 {Precision: White = 63%, Black = 40%.} 1-0

[Event "11th Asrian Memorial 2018"]
[Site "Jermuk"]
[Date "2018.06.23"]
[Round "3"]
[White "Abdumalik, Zhansaya"]
[Black "Melkumyan, Hrant"]
[Result "1/2-1/2"]
[WhiteElo "2488"]
[BlackElo "2662"]
[Annotator "TA"]
[PlyCount "90"]
[EventDate "2018.06.21"]
[EventCountry "ARM"]
[SourceTitle "playchess.com"]
[Source "ChessBase"]
[SourceQuality "1"]

{[%evp 27,90,-8,-9,-15,-15,-15,-15,-15,-18,-18,-18,-18,-20,-21,-16,-12,-14,-14,-14,-42,-47,-44,-14,-8,-8,-23,-2,-2,-3,-1,0,0,0,0,0,0,0,-14,0,0,0,0,0,-3,-5,-8,0,0,0,-8,0,0,0,0,0,-20,-8,-8,0,-8,-8,-8,-8,-8,0]} 1. e4 c5 2. Nf3 Nc6 3. d4 cxd4 4. Nxd4 g6 5. c4 Nf6 6. Nc3 d6 7. Be2 Nxd4 8. Qxd4 Bg7 9. Be3 O-O 10. Qd2 a5 {B36: Sicilian: Maroczy Bind: Gurgenidze System} 11. O-O (11. Rd1 a4 12. O-O Be6 13. Bd4 Qa5 14. Qe3 Nd7 15. f4 Rac8 16. b3 axb3 17. axb3 Bxd4 18. Rxd4 {1-0 (58) Harikrishna,P (2744)-Mamedov,R (2709) Huaian 2017}) 11... a4 12. f3 Qa5 13. Rab1 Be6 14. Nd5 Qxd2 {LiveBook: 5 Games} 15. Nxe7+ Kh8 16. Bxd2 {aiming for Nd5.} Rfe8 17. Nd5 Nxd5 18. cxd5 Bxd5 19. b3 $146 f5 {Threatening ...axb3.} 20. Bb5 Bc6 21. bxa4 fxe4 22. fxe4 Rxe4 23. a5 Bd5 {...Rg4 is the strong threat.} 24. Rb4 Rc8 {[#] Threatens to win with ...Rxb4.} 25. Rxe4 Bxe4 26. Be3 Be5 (26... Rc2 {feels hotter.} 27. Rf2 Rc3 28. Re2 d5 29. a6 bxa6 30. Bxa6 Be5) 27. Rc1 {The position is equal.} Rxc1+ 28. Bxc1 $11 {[%mdl 4096] Endgame KBB-KBB} Kg7 29. a6 bxa6 30. Bxa6 Kf6 31. Be3 Bc6 32. Bd3 Ke6 33. g3 Bc3 34. Kf2 d5 35. h4 d4 36. Bg5 Bd5 37. h5 gxh5 38. Bxh7 Kf7 39. a3 Bc4 40. Bf5 d3 41. g4 Bd4+ 42. Ke1 Bf6 43. Bxf6 Kxf6 44. Bxd3 $1 Bxd3 45. gxh5 Ke5 {Precision: White = 75%, Black = 44%.} 1/2-1/2

[Event "11th Asrian Memorial 2018"]
[Site "Jermuk"]
[Date "2018.06.23"]
[Round "3"]
[White "Danielian, Elina"]
[Black "Jumabayev, Rinat"]
[Result "0-1"]
[WhiteElo "2412"]
[BlackElo "2594"]
[Annotator "TA"]
[PlyCount "82"]
[EventDate "2018.06.21"]
[EventCountry "ARM"]
[SourceTitle "playchess.com"]
[Source "ChessBase"]
[SourceQuality "1"]

{[%evp 16,82,-13,-29,-23,-22,-12,-4,10,6,7,-14,-14,-20,-14,-10,-16,-27,-33,-27,-26,-27,-25,-26,-18,-33,-22,-25,-32,-38,-47,-30,-8,-72,-65,-58,-59,-81,-79,-75,-69,-77,-67,-231,-211,-211,-213,-195,-200,-201,-189,-493,-485,-476,-542,-451,-502,-29990,-300,-2268,-2154,-29990,-29991,-29994,-29995,-29995,-283,-29996,-29997]} 1. Nf3 Nf6 2. c4 b6 3. Nc3 Bb7 4. e3 g6 5. d4 Bg7 6. Be2 {A15: English Opening: 1...Nf6} O-O 7. d5 e6 8. e4 exd5 9. exd5 {LiveBook: 4 Games} Re8 $146 ({Predecessor:} 9... c6 10. O-O cxd5 11. cxd5 Na6 12. Bg5 Re8 13. Re1 {0-1 (42) Bu,X (2710)-Li,C (2744) Huocheng County 2017}) 10. O-O Na6 {[%cal Bb8a6,Ba6c5,Bc5e4][%mdl 32]} 11. Bg5 h6 12. Be3 Nc5 13. Nd4 c6 {[%cal Rc6d5]} 14. Bf3 {[%cal Rd5c6]} cxd5 15. cxd5 Nfe4 16. Nxe4 Nxe4 17. Nb5 {White wants to play Bxe4.} Ba6 (17... Bxb2 $6 18. Rb1 $14) 18. Qa4 Bxb5 19. Qxb5 Nd6 20. Qb4 Nf5 $36 {[%mdl 2048] Black has the initiative.} 21. d6 Rc8 (21... Nxe3 22. fxe3 Rc8 23. Bd5 $14) 22. Bd5 Be5 (22... Nxe3 $6 23. fxe3 Re5 24. Bxf7+ Kh8 25. Qa3 $14 (25. Bxg6 Qg5 $15)) 23. Rad1 Kg7 24. Bf4 (24. Qa4 $11 {keeps the balance.}) 24... a5 {[%cal Ba7a5,Ba5a4][%mdl 32]} 25. Bxe5+ Rxe5 26. Qd2 Qf6 ({But not} 26... Nxd6 $6 27. Qd4 $11) 27. b4 a4 28. Qd3 Qxd6 29. Qa6 $2 (29. a3 $15) 29... Rc7 $19 30. Bb3 {[#]} Nd4 $1 ({Much less strong is} 30... Qxb4 31. Qxa4 Qxa4 32. Bxa4 $17) 31. f4 Re4 ({Stronger than} 31... axb3 32. fxe5 Qd5 33. Qxb6 $11) 32. Qxa4 Rxf4 {aiming for ...Ne2+.} 33. Rxf4 $2 (33. b5 {is a better chance.} Rxf1+ 34. Rxf1 Ne2+ 35. Kh1) 33... Qxf4 34. Qa3 Qe3+ 35. Kh1 {[#]} Rc2 $1 {[%mdl 512]} 36. Qa8 (36. Qa6 $19 Re2 37. Rf1) (36. Bxc2 Qxa3) 36... Rd2 $2 (36... Re2 {mates} 37. Qa6 Re1+ 38. Qf1 Rxf1+ 39. Rxf1 Nxb3 40. axb3 Qxb3 41. b5 Qxb5 42. Kg1 Qc5+ 43. Kh1 b5 44. h3 b4 45. Kh2 b3 46. Rd1 b2 47. Rb1 Qc1 48. Rxb2 Qxb2 49. Kg3 Qe5+ 50. Kf2 d5 51. h4 d4 52. g3 Qe3+ 53. Kg2 d3 54. Kh3 d2 55. Kg2 d1=Q 56. Kh3 Qf1+ 57. Kh2 Qeg1#) 37. Rf1 $2 (37. Rg1) 37... Rf2 {[%cal Rf2f1]} 38. Rd1 Re2 39. h3 Re1+ 40. Rxe1 Qxe1+ 41. Kh2 Ne2 {Precision: White = 40%, Black = 76%.} 0-1

[Event "11th Asrian Memorial 2018"]
[Site "Jermuk"]
[Date "2018.06.23"]
[Round "3"]
[White "Danielyan, Vahe"]
[Black "Stupak, Kirill"]
[Result "1/2-1/2"]
[WhiteElo "2387"]
[BlackElo "2564"]
[Annotator "TA"]
[PlyCount "80"]
[EventDate "2018.06.21"]
[EventCountry "ARM"]
[SourceTitle "playchess.com"]
[Source "ChessBase"]
[SourceQuality "1"]

{[%evp 11,80,16,6,-6,0,-6,-6,-26,-9,-45,-3,-21,-21,-21,-21,-16,-14,-26,3,-15,-11,-2,0,-4,22,0,0,0,63,51,52,62,54,67,71,24,47,0,-1,0,0,-43,0,0,0,0,0,-17,-31,-15,45,44,42,50,43,42,42,42,37,45,49,14,13,6,12,8,12,12,22,12,25]} 1. e4 e6 2. d4 d5 3. Nc3 Nc6 4. Nf3 Nf6 5. exd5 exd5 6. Bb5 Bb4 {LiveBook: 49 Games} 7. Qe2+ {C10: French with 3 Nc3: Unusual Black 3rd moves and 3...dxe4} (7. O-O O-O 8. Bxc6 bxc6 9. Ne5 Bxc3 10. bxc3 Ne4 11. f3 f6 12. Ba3 Nd6 13. Nxc6 Qd7 14. Bxd6 cxd6 15. Nb4 Bb7 16. Qd2 Rfc8 17. Rfe1 {½-½ (43) Dominguez Perez,L (2760)-Jobava,B (2713) Tromsoe 2014 CBM 162 [Marin,M]}) 7... Ne4 8. O-O Bxc3 9. bxc3 {[#] And now Ba3 would win.} O-O 10. Qe3 $146 ({Predecessor:} 10. Bb2 Bg4 11. Rfe1 Qf6 12. Qe3 Nd6 13. Bxc6 Nc4 14. Qg5 Qxg5 15. Nxg5 bxc6 {½-½ (34) Mista,L (2280)-Lipka,J (2335) Czechia 1998}) 10... Ne7 {[%cal Bc6e7,Be7f5,Bf5d6][%mdl 32]} 11. Ba3 Nf5 12. Qf4 Nfd6 13. Bd3 Nxc3 14. Rfe1 Nce4 {[#]} 15. c4 $1 {[%mdl 512]} Nf6 (15... dxc4 16. Bxe4) 16. cxd5 Nxd5 17. Qg3 $36 {[%mdl 2048] White has some pressure.} Qf6 18. Rac1 {Hoping for Rxc7!} Bf5 19. Bc4 Ne7 ({Better is} 19... Be6 $11) 20. Bb3 $14 Nc6 {[%cal Be7c6,Bc6a5,Ba5c4][%mdl 32]} 21. d5 Na5 $1 22. Rxc7 Rfd8 23. Ba4 {aiming for Qf4.} Nac4 24. Bc1 {Black must now prevent Bg5.} h6 25. Bb3 Rac8 26. Rce7 Bg6 27. Qf4 Qxf4 28. Bxf4 Na5 29. Ba4 Rc4 30. Bxd6 $1 Rxd6 (30... Rxa4 $11 31. Re8+ Rxe8 32. Rxe8+ Kh7) 31. Be8 Rxd5 32. Ne5 Re4 $1 {[%cal Re4e1]} 33. Nxg6 Rxe1+ 34. Rxe1 fxg6 35. Bxg6 {[%cal Re1e8][%mdl 4096] Endgame KRB-KRN} Rd8 36. f4 (36. g3 {is interesting.} Nc6 37. Kg2 Kf8 38. Re3 Nd4 39. Re4) 36... Nc6 {The position is equal.} 37. Rb1 Rd7 38. Be4 Kf7 39. Kf2 Ke7 40. Ke3 Na5 {Precision: White = 58%, Black = 61%.} 1/2-1/2

[Event "11th Asrian Memorial 2018"]
[Site "Jermuk"]
[Date "2018.06.24"]
[Round "4"]
[White "Melkumyan, Hrant"]
[Black "Gharibyan, Mamikon"]
[Result "1-0"]
[WhiteElo "2662"]
[BlackElo "2275"]
[Annotator "TA"]
[PlyCount "131"]
[EventDate "2018.06.21"]
[EventCountry "ARM"]
[SourceTitle "playchess.com"]
[Source "ChessBase"]
[SourceQuality "1"]

{[%evp 28,131,31,18,18,16,18,14,14,14,14,13,11,14,30,15,18,1,23,27,36,34,75,55,75,-15,-16,-14,-10,-13,0,-17,0,0,0,0,0,0,0,0,13,30,15,32,9,22,18,9,91,12,13,28,17,20,15,16,20,8,11,7,8,0,0,0,0,0,0,0,0,0,0,0,0,0,0,0,0,0,5,7,50,50,57,56,56,57,54,54,358,100,97,100,93,93,92,94,94,49,48,46,669,345,29981,29976,29989,29990]} 1. c4 e6 2. Nc3 d5 3. d4 Bb4 4. a3 Bxc3+ 5. bxc3 Nf6 6. e3 O-O 7. cxd5 exd5 8. Bd3 c5 9. Ne2 b6 10. O-O Ba6 11. dxc5 {E49: Nimzo-Indian: Rubinstein: 5 Bd3 d5 6 a3 Bxc3+ 7 bxc3} (11. f3 Re8 12. Ng3 Bxd3 13. Qxd3 Nc6 14. Bb2 h5 15. Rae1 h4 16. Nf5 h3 17. gxh3 Ne7 18. dxc5 bxc5 19. c4 dxc4 20. Nxe7+ Qxe7 21. Qxc4 Rab8 22. Rf2 {0-1 (40) Navara,D (2740)-Alekseev,E (2616) Katowice 2017}) 11... bxc5 12. Bxa6 Nxa6 13. c4 dxc4 14. Qa4 Nc7 15. Qxc4 {LiveBook: 3 Games} Ne6 16. Bb2 Qd5 17. Qc2 $146 ({Predecessor:} 17. Rac1 Qxc4 18. Rxc4 Nd5 {0-1 (48) Grabuzova,T (2309)-Goltseva,E (2208) Moscow 2017}) 17... Qe4 18. Rfc1 Qxc2 19. Rxc2 Nd5 20. e4 Ne7 21. f3 Rfd8 22. Kf2 f6 23. Bc1 f5 24. Ng3 Nd4 25. Rb2 Nec6 26. Bf4 ({Better is} 26. Nxf5 $16 Ne5 27. Rb7) 26... Ne6 $11 27. Bd2 Ne5 28. Rba2 Nd3+ 29. Kf1 fxe4 30. Nxe4 Nd4 (30... Rac8 {feels hotter.} 31. Be3 Nd4 32. Rb1 Rb8 33. Rd1 Nb2) 31. Be3 c4 32. Bxd4 Rxd4 33. Rb1 Rad8 34. Rc2 R8d7 35. Rb8+ Kf7 36. Rc8 Ne5 37. Ke2 Ke7 (37... Rd3 $11 {keeps the balance.}) 38. Rc5 ({White should play} 38. Nd2 $16) 38... R4d5 39. Rxd5 Rxd5 {[%mdl 4096] Endgame KRN-KRN} 40. Nd2 Ra5 $1 41. f4 Ng6 42. Rxc4 Rxa3 43. f5 Nf8 44. Rc7+ Nd7 45. Rb7 Ra2 46. g4 Kd6 47. Ke3 g6 48. Ne4+ Kc6 49. Rb1 gxf5 50. Rc1+ Kb6 51. gxf5 Rxh2 52. Kd4 Rh4 {And now ...Nf6 would win.} 53. Kd5 {White wants to play Rc6+.} Rf4 54. Nd6 {[%mdl 1024] White has compensation.} a6 55. Rc6+ Ka5 56. Rc7 Nb6+ $1 57. Ke6 {aiming for Rb7.} h5 $2 {[%mdl 8192] [#]} ({Black should try} 57... Rf1 $14) 58. Rc1 $2 (58. Rc2 $1 $18 {is the precise move to win.} Rf1 59. Ra2+ Kb4 60. Rb2+ (60. Rxa6 Re1+ 61. Kf6 Nd5+ 62. Kg5 Rf1 $14) 60... Kc5 61. Ne4+ Kc6 62. Rc2+ Kb7 63. Nd6+ Kb8 64. f6 Re1+ 65. Kf5 Rf1+ 66. Kg5) 58... h4 $16 59. Ra1+ Kb4 60. Rb1+ Kc5 61. f6 {[%cal Bf5f6,Bf6f7][%mdl 32]} h3 62. Rc1+ Kb4 $1 63. f7 {[#] Black must now prevent Rb1+.} a5 $2 {[%mdl 8192]} (63... h2 $14) 64. Rc6 Na4 $2 (64... Rxf7 $18 65. Nxf7 (65. Rxb6+ Kc5 $16) 65... Nc4) 65. Nf5 Nc5+ 66. Rxc5 {Precision: White = 57%, Black = 53%.} 1-0

[Event "11th Asrian Memorial 2018"]
[Site "Jermuk"]
[Date "2018.06.24"]
[Round "4"]
[White "Hovhannisyan, Robert"]
[Black "Danielian, Elina"]
[Result "1/2-1/2"]
[WhiteElo "2625"]
[BlackElo "2412"]
[Annotator "TA"]
[PlyCount "96"]
[EventDate "2018.06.21"]
[EventCountry "ARM"]
[SourceTitle "playchess.com"]
[Source "ChessBase"]
[SourceQuality "1"]

{[%evp 22,96,15,0,0,0,0,0,14,0,4,0,0,14,17,-4,-3,-6,5,-22,0,-16,-14,-16,-14,-31,-25,-32,0,0,0,0,0,0,0,0,0,0,0,0,0,0,0,0,0,0,0,0,0,0,0,0,0,0,0,0,0,0,0,0,0,0,0,0,0,0,0,0,0,0,0,0,0,0,0,0,0]} 1. e4 e6 2. d4 d5 3. Nc3 Bb4 4. e5 c5 {[%cal Bc7c5,Bc5d4][%mdl 32]} 5. a3 Ba5 6. b4 cxd4 7. Qg4 Kf8 {C18: French: 3 Nc3 Bb4: Main line: 7 h4 and 7 Qg4} 8. Nb5 Bb6 (8... Bc7 9. Qg3 Nc6 10. f4 a6 11. Nxc7 Qxc7 12. Bb2 Nge7 13. Bd3 Nf5 14. Qf2 Bd7 15. Nf3 {1-0 (29) Fedoseev,V (2724)-Mamedyarov,S (2809) Moscow 2018}) 9. Nf3 Nc6 10. Bb2 Nge7 11. Nbxd4 h5 12. Qf4 {LiveBook: 5 Games} Ng6 13. Nxc6 bxc6 14. Qd2 a5 $146 ({Predecessor:} 14... Nh4 15. Nxh4 Qxh4 {½-½ (45) Berg,E (2583)-Haug,J (2307) Oslo 2016}) 15. Bd3 Nh4 16. Nxh4 Qxh4 17. O-O g6 18. bxa5 Bxa5 19. Bc3 Qd8 20. Rfb1 Kg7 21. Bxa5 Rxa5 22. a4 Ba6 23. Bxa6 Rxa6 24. Rb7 Qh4 25. a5 {The position is equal.} Rha8 26. h3 Qe4 27. f4 c5 28. f5 exf5 {...Re6 is the strong threat.} 29. Re1 Qd4+ 30. Qxd4 cxd4 $11 {[%mdl 4096] Endgame KRR-KRR} 31. e6 Rxa5 32. Rxf7+ Kg8 33. Rd7 Ra1 34. Rxa1 Rxa1+ {KR-KR} 35. Kf2 {[#] Rd8+ would kill now.} Kf8 36. Kf3 Re1 37. Rxd5 Ke7 38. Rxd4 Kxe6 39. h4 Ke5 40. Rc4 Rf1+ 41. Ke2 Rg1 42. Kf2 Rc1 43. g3 {[#]} f4 $1 {[%mdl 512]} 44. gxf4+ (44. Rxf4 Rxc2+) 44... Kd5 45. Rc8 Ke4 46. Rc6 Kxf4 47. Ke2 Rh1 48. Rf6+ Ke5 {Precision: White = 77%, Black = 82%.} 1/2-1/2

[Event "11th Asrian Memorial 2018"]
[Site "Jermuk"]
[Date "2018.06.24"]
[Round "4"]
[White "Jumabayev, Rinat"]
[Black "Sasikiran, Krishnan"]
[Result "1/2-1/2"]
[WhiteElo "2594"]
[BlackElo "2666"]
[Annotator "TA"]
[PlyCount "130"]
[EventDate "2018.06.21"]
[EventCountry "ARM"]
[SourceTitle "playchess.com"]
[Source "ChessBase"]
[SourceQuality "1"]

{[%evp 23,130,12,24,14,21,21,26,21,25,23,30,22,29,0,5,0,9,0,0,-12,7,9,11,10,14,9,9,8,25,14,13,7,0,14,43,57,279,275,270,271,247,264,221,111,242,262,256,141,761,483,481,285,279,277,277,277,272,-49,-49,-739,-49,-49,-47,-47,-47,-47,-47,-47,-47,-47,-47,-47,-47,-47,-47,-47,-47,-52,-52,-52,-52,-50,-31,-31,-31,-31,-31,-80,-64,-143,-65,-208,-552,-85,-40,-72,-8,-8,-8,-8,-8,-8,0,0,0,-8,0,0,0]} 1. Nf3 d5 2. d4 Nf6 3. c4 e6 4. g3 Bb4+ 5. Bd2 Be7 6. Bg2 O-O 7. O-O Nbd7 8. Qc2 c6 9. Rd1 b6 10. b3 a5 {E11: Damenindisch (Bogoljubow-Variante)} 11. Bc3 Ne4 12. Bb2 Bb7 {LiveBook: 4 Partien} 13. Nc3 {[%cal Bb1c3,Bc3e2,Be2f4][%mdl 32]} f5 {[#]} 14. e3 $146 ({Vorgänger:} 14. Ne1 Nxc3 15. Bxc3 Bd6 16. Nd3 Qe7 17. e3 Ba6 18. Bb2 {½-½ (57) Ding,L (2759)-Ma,Q (2637) China 2017}) 14... Bd6 15. Ne2 Qe7 16. Nf4 Rac8 17. Rac1 c5 18. dxc5 Ndxc5 19. Be5 dxc4 20. Bxd6 Nxd6 21. bxc4 e5 22. Nd5 Bxd5 $1 23. cxd5 b5 24. Qc3 e4 25. Ne5 b4 26. Qd4 Nb5 27. d6 Qe6 28. Qc4 Nc3 29. Bf1 $36 {[%mdl 2048] Weiss hat gut koordiniertes Spiel.} Rfd8 $2 ({Besser ist} 29... Qxc4 $14 30. Bxc4+ Kh8) 30. d7 $18 Rc7 31. Rxc3 $1 bxc3 32. Qxc3 Kf8 33. Bc4 (33. Bb5 $1 $18) 33... Qb6 (33... Nxd7 $16 34. Bxe6 Rxc3) 34. Rd5 $1 Qb4 35. Qa1 (35. Qd4 $18 {Droht Matt per Sg6+!} Nxd7 36. Rb5 Rxc4 37. Nxd7+ (37. Rxb4 Rxd4 38. Rxd4 Ke8 $16) 37... Kf7 38. Qd5+ Ke7 39. Qe5+ Kxd7 40. Qxg7+ Ke6 41. Qh6+ Kd7 42. Qxh7+ Kd6 43. Qg6+ Kd7 44. Qf7+ Kd6 45. Rd5+ Kc6 46. Rxd8 Rc1+ 47. Kg2) 35... Na4 $2 {[%mdl 8192]} (35... Nd3 $16) 36. Qd1 {Weiss droht Dh5 und Matt.} Rxc4 37. Qh5 (37. Nxc4 $142 Nc3 38. Rxf5+ Kg8 39. Qh5) 37... Rc1+ 38. Kg2 {[%csl Ge5][%cal Rh5f7]} Qe7 39. Qxh7 {[%cal Rh7h8]} Qf6 {zielt auf ...Tc5 ab.} 40. Rxa5 $2 ({Der einzige Zug:} 40. Ng6+ $1 $18 Kf7 41. Re5) 40... Nc5 $15 41. Qh8+ Ke7 42. Qxd8+ $1 Kxd8 43. Ra8+ Kc7 44. Rc8+ Kd6 45. d8=Q+ Qxd8 46. Nf7+ Kd7 47. Rxd8+ {[%mdl 4096] Endspiel KTS-KTS} Ke7 48. Rd5 {Droht Sg5 und aus.} Kxf7 49. Rxf5+ {KTS-KT} Ke6 50. Rf8 Rc2 51. g4 Ke7 ({Finger weg von} 51... Rxa2 52. Kg3 $17) 52. Rf4 g5 (52... Rxa2 $2 53. h4 $17) 53. Rf5 Nd3 54. Kg3 Rxa2 55. Rxg5 Rxf2 {...Tf3+ ist eine echte Drohung.} 56. Re5+ $1 Nxe5 57. Kxf2 $17 {[#] KS-K3B} Kf6 $1 ({Und nicht} 57... Nxg4+ 58. Kg3 $11) 58. Kg3 {[#]} Nd3 $1 {Droht stark ...Kg5.} 59. h4 Ke5 ({Günstiger ist} 59... Kg6 $17 {Weiss muss nun ...Kf6 beachten.} 60. Kh3 Nb4) 60. h5 $11 {Die Stellung ist ausgeglichen.} Kf6 {Und ...Kg5 würde nun gewinnen.} 61. h6 Kg6 {[#]} 62. g5 $1 {[%mdl 512]} Kh7 (62... Kxg5 63. h7) 63. Kg4 Kg6 64. Kg3 Kh7 65. Kg4 Kg6 {Precision: Weiß = 71%, Schwarz = 46%.} 1/2-1/2